Aquatic-art : Malaysia's coral world

Bibliographic Details
Main Author: Marcos,Maria (Author)
Format: Book
Published: Batu Caves,Selangor : NILAM Publication Sdn.Bhd 2023
Subjects:

MARC

LEADER 00000cam a2200000 7i4500
001 0000093436
005 20231220160425.0
008
020 |a 9789670098906 (  |q (hardback)) 
040 |e rda 
041 |a English 
090 0 0 |a 639.2959   |b MAR 
100 1 |a Marcos,Maria ,   |e (author) 
245 1 0 |a Aquatic-art :   |b Malaysia's coral world   |c Maria Marcos 
264 1 |a Batu Caves,Selangor :   |b NILAM Publication Sdn.Bhd   |c 2023 
300 |a 120 pages :   |b colour illustration ;   |c 22cm. 
336 |a text  |2 rdacontent 
337 |a unmediated  |2 rdamedia 
338 |a volume  |2 rdacarrier 
541 |c Purchased on 2023   |f 001515 NIL   |h RM119.00 
650 0 |a Aquaculture   |x Environmental aspects 
650 0 |a Aquatic   |z Malaysia 
999 |a 0001747435   |b Book   |c Adult Collection   |e Perbadanan Perpustakaan Awam Johor